ბათუმის შოთა რუსთაველის სახელმწიფო უნივერსიტეტის ბიბლიოთეკა

სახურავები ბურულების მოწყობის ტექნოლოგია. (ბიბ.ჩანაწერი № 43792)

000 -LEADER
fixed length control field 00937nam a2200241Ia 4500
001 - CONTROL NUMBER
control field 10537
003 - CONTROL NUMBER IDENTIFIER
control field GE_BSU
008 - FIXED-LENGTH DATA ELEMENTS--GENERAL INFORMATION
fixed length control field 181216s||||||||xx |||||||||||||| ||und||
020 ## - INTERNATIONAL STANDARD BOOK NUMBER
International Standard Book Number 9789941143960
040 ## - CATALOGING SOURCE
Transcribing agency GE_BSU
080 ## - UNIVERSAL DECIMAL CLASSIFICATION NUMBER
Universal Decimal Classification number 624.13
100 ## - MAIN ENTRY--PERSONAL NAME
Personal name ჟორდანია,თ. ეზუგბაია,ზ. ღვინეფაძე,რ.
245 ## - TITLE STATEMENT
Title სახურავები ბურულების მოწყობის ტექნოლოგია.
245 ## - TITLE STATEMENT
Statement of responsibility, etc. რედ:ირემაშვილი ი.
260 ## - PUBLICATION, DISTRIBUTION, ETC.
Place of publication, distribution, etc. თბილისი
260 ## - PUBLICATION, DISTRIBUTION, ETC.
Name of publisher, distributor, etc. საქართველოს ტექ. უნ-ტი
260 ## - PUBLICATION, DISTRIBUTION, ETC.
Date of publication, distribution, etc. 2009
300 ## - PHYSICAL DESCRIPTION
Extent 304გვ;28სმ.
300 ## - PHYSICAL DESCRIPTION
Accompanying material ბიბლიოგრ.გვ:304.ილ.ნახ.
653 ## - INDEX TERM--UNCONTROLLED
Uncontrolled term სახურავები ბურულების მოწყობის ტექნოლოგია.
942 ## - ADDED ENTRY ELEMENTS (KOHA)
Koha item type წიგნი
ეგზემპლარები
Withdrawn status Lost status Damaged status Not for loan Date acquired Barcode Date last seen Price effective from Koha item type Public note
        2018-12-17 34582 2018-12-17 2018-12-17 წიგნი ილია ჭავჭავაძის ბიბლიოთეკა
        2018-12-17 34583 2018-12-17 2018-12-17 წიგნი საინჟინრო-ტექნოლოგიური ფაკულტეტი
        2018-12-17 34584 2018-12-17 2018-12-17 წიგნი საინჟინრო-ტექნოლოგიური ფაკულტეტი
        2018-12-17 34585 2018-12-17 2018-12-17 წიგნი საინჟინრო-ტექნოლოგიური ფაკულტეტი